| 000 | 00747nam a2200205Ia 4500 | ||
|---|---|---|---|
| 001 | L881-38626 | ||
| 003 | IT-CnALBA | ||
| 008 | 170116s9999||||xx |||||||||||||| ||und|| | ||
| 040 |
_aIT-CnALBA _cIT-CnALBA |
||
| 041 | _aITALIANO | ||
| 100 | _aARISTOTILE, FILOSOFO GRECO | ||
| 245 | 0 | _aLA RETTORICA DI ARISTOTILE. TRADUZIONE DI ANNIBAL CARO. LIBRI III. VOL. I. LIBRI III, VOL. II. | |
| 250 | _a1a ed. | ||
| 260 |
_a MILANO - BRESCIA _bBETTONI NICOLÒ EDIT. _c1827 [1° Ed.:1827 - Ed.Ling.Originale: 1827] |
||
| 300 | _a325 p. | ||
| 501 | _aSocietà San Paolo EM - Piazza San Paolo, 14 - 12051 ALBA (CN) (non commercial uses only) ® Copyright 2017 | ||
| 650 | _aLETTERATURA GRECA IN PROSA E POESIA | ||
| 942 | _cBK | ||
| 957 | _71 | ||
| 999 |
_a43397 _bSI _g Copie: 1 _c297432 _d297432 |
||